[Event "Wroclaw Anderssen Memorial op-B"]
[Site "Wroclaw"]
[Date "2023.??.??"]
[Round "2"]
[White "Klys, Kacper"]
[Black "Milczarek, Pawel"]
[Result "1-0"]
[WhiteElo "1482"]
[BlackElo "1312"]
[PlyCount "117"]
[EventDate "2023.08.06"]
[EventType "swiss"]
[EventRounds "9"]
[EventCountry "POL"]
[SourceTitle "EXT 2024"]
[Source "ChessBase"]
[SourceDate "2023.10.10"]
[SourceVersion "1"]
[SourceVersionDate "2023.10.10"]
[SourceQuality "1"]

1. d4 d5 2. c4 e6 3. Nc3 Nf6 4. cxd5 Nxd5 5. e4 Nxc3 6. bxc3 Be7 7. Nf3 Nd7 8. Bd3 0-0 9. a4 a5 10. e5 f5 11. exf6 Nxf6 12. 0-0 Bd6 13. Re1 Qe8 14. Bc4 Qh5 15. Ba3 Bxa3 16. Rxa3 Nd5 17. Re4 Qf5 18. Re5 Qf6 19. Qe1 h6 20. Ra2 Bd7 21. Bd3 Rae8 22. Qd2 Bc6 23. Bb5 Bxb5 24. axb5 b6 25. Ra1 Qf4 26. Qd3 Qf6 27. Rae1 Nf4 28. Qe4 Qg6 29. Qxg6 Nxg6 30. Rxe6 Rxe6 31. Rxe6 Nf4 32. Re1 Nd5 33. c4 Nf6 34. Ne5 Re8 35. Kf1 Rd8 36. Nc6 Re8 37. Rb1 Ne4 38. Rb2 Nf6 39. c5 Re4 40. Rc2 Re8 41. Ne5 Nd5 42. Ke1 Nb4 43. Rc3 bxc5 44. Kd2 cxd4 45. Rc5 g5 46. Nc4 Rf8 47. f3 g4 48. Ne5 gxf3 49. Nxf3 d3 50. Rxc7 Re8 51. Nd4 Rf8 52. b6 Rf2+ 53. Ke1 d2+ 54. Kd1 Nd3 55. Rc2 Rf1+ 56. Kxd2 Nb4 57. b7 Rf2+ 58. Ke3 Rxc2 59. b8Q+ 1-0